| 000 | 00825nam a2200229 a 4500 | ||
|---|---|---|---|
| 008 | 120416s1994 ||||||||||||||||| || u | ||
| 020 | _a0521246881 | ||
| 050 | _aQK 731 Ste | ||
| 100 | _aSteeves, Taylor A., 1926- | ||
| 245 | 1 | 0 | _aPatterns in plant development |
| 250 | _a2nd ed. | ||
| 260 |
_aCambridge _bCambridge University Press _c1994 |
||
| 300 | _axv, 388p. : ill. | ||
| 350 | _a0.00 | ||
| 650 | _aPlants--Development | ||
| 650 | _aPLANTS | ||
| 650 | _aPlant morphogenesis | ||
| 700 | _aSussex, Ian M., 1927- | ||
| 856 | _uhttp://www.loc.gov/catdir/toc/cam025/88001209.html | ||
| 856 | _uhttp://www.loc.gov/catdir/description/cam023/88001209.html | ||
| 995 |
_D0.00 _FCBU-MAIN LIBRARY (Kitwe) _H1 _I17.90 _M1 _UAVAILABLE _ZMain Library Open Access Collection |
||
| 999 |
_c53214 _d53214 |
||